000 00903nam a2200277 i 4500
005 20220317000112.0
007 ta
008 200428s2003 ck gr 000 0 spa d
020 _a958270005X
040 _aCO-BoRNBP
_bspa
_cCO-BoRNBP
_erda
041 0 _aspa
082 0 4 _a177
_bR27d
100 1 _aRestrepo, Luis Carlos
_d1954-
_eautor
245 1 3 _aEl derecho a la ternura
_cLuis Carlos Restrepo
250 _aDecimoséptima edición
264 1 _aBogotá
_bArango
_c2003
300 _a191 páginas
_c23 cm
336 _atexto
_btxt
_2rdacontent
337 _asin mediación
_bn
_2rdamedia
338 _avolumen
_bnc
_2rdacarrier
650 1 7 _aAfecto (Psicología)
_xEnsayos, conferencias, etc.
_2ARMARC
650 1 7 _aAmor (Psicología)
_xEnsayos, conferencias, etc.
_2ARMARC
650 1 7 _aÉtica social
_vEnsayos, conferencias, etc.
_2ARMARC
650 1 7 _aValores (Filosofía)
_2ARMARC
942 _2ddc
_cBK
999 _c3112
_d3112